00471nam a22001577a 450000500170000000800410001702000180005804000210007604100080009708200160010510000290012124500510015026000820020130000100028365000200029320260401123205.0260401b |||||||| |||| 00| 0 eng d a9788199516052 aIN-DiNCcIN-DiNC deng a307.72bHUS aHussain, Muniruleauthor aRural sociology (Major16)/cby Munirul Hussain aJorhat:bNorth east institute of research consultancy and publication,c2025. a174p. aRural sociology